[Event "AUT-chT2W 1819"]
[Site "Austria"]
[Date "2018.10.12"]
[Round "1.2"]
[White "Reich, Thomas"]
[Black "Dizdar, Goran"]
[Result "1/2-1/2"]
[WhiteElo "2360"]
[BlackElo "2480"]
[PlyCount "68"]
[EventDate "2018.10.12"]
[EventType "team-tourn"]
[EventRounds "11"]
[EventCountry "AUT"]
[SourceTitle "CBM 186 Extra"]
[Source "ChessBase"]
[SourceDate "2018.08.24"]
[SourceVersion "1"]
[SourceVersionDate "2018.08.24"]
[SourceQuality "1"]
[WhiteTeam "Jenbach II"]
[BlackTeam "Absam"]
[WhiteTeamCountry "AUT"]
[BlackTeamCountry "AUT"]

1. c4 e6 2. e4 d5 3. exd5 exd5 4. d4 Nf6 5. Nc3 Bb4 6. Bd3 dxc4 7. Bxc4 0-0 8. Nge2 Bd6 9. 0-0 Nc6 10. Nb5 Be6 11. Nxd6 Qxd6 12. Bf4 Qd7 13. Bxe6 fxe6 14. Rc1 Nd5 15. Bg3 a5 16. Nc3 Nf4 17. Qg4 h5 18. Qh4 Qd8 19. Qxd8 Raxd8 20. Bxf4 Rxf4 21. Nb5 Rd7 22. Rc5 Nxd4 23. Nxd4 Rfxd4 24. Rxa5 R7d5 25. Ra3 Rb5 26. Rc3 Rxb2 27. Rxc7 Ra4 28. Re7 Raxa2 29. h4 b5 30. Rxe6 Re2 31. Rg6 b4 32. Rb6 Rab2 33. Rb5 g6 34. Rb7 Kf8 1/2-1/2

[Event "AUT-chT 1617"]
[Site "Austria"]
[Date "2017.04.21"]
[Round "10.2"]
[White "Krassowizkij, Jaroslaw"]
[Black "Dizdar, Goran"]
[Result "1-0"]
[WhiteElo "2438"]
[BlackElo "2509"]
[PlyCount "61"]
[EventDate "2016.10.20"]
[EventType "team-tourn"]
[EventRounds "11"]
[EventCountry "AUT"]
[SourceTitle "CBM 177 Extra"]
[Source "ChessBase"]
[SourceDate "2017.04.27"]
[SourceVersion "1"]
[SourceVersionDate "2017.04.27"]
[SourceQuality "1"]
[WhiteTeam "Goetzis"]
[BlackTeam "Absam"]
[WhiteTeamCountry "AUT"]
[BlackTeamCountry "AUT"]

1. d4 d5 2. c4 e6 3. Nc3 Nf6 4. Nf3 Be7 5. Bf4 0-0 6. e3 b6 7. Qc2 c5 8. cxd5 exd5 9. Be2 Nc6 10. 0-0 cxd4 11. Nxd4 Nxd4 12. exd4 Bb7 13. Bf3 Rc8 14. Rfe1 Ne4 15. Qa4 Nxc3 16. Qxa7 Qd7 17. bxc3 b5 18. a4 Ra8 19. Qb6 Rxa4 20. Rab1 b4 21. c4 Rfa8 22. Qc7 Qxc7 23. Bxc7 Bg5 24. Bxd5 Bxd5 25. cxd5 Bd2 26. Red1 Bc3 27. d6 R4a7 28. Kf1 Kf8 29. Bb6 Ra1 30. d7 Rxb1 31. Rxb1 1-0

[Event "AUT-chT 1617"]
[Site "Austria"]
[Date "2016.10.20"]
[Round "1.4"]
[White "Atlas, Valeri"]
[Black "Dizdar, Goran"]
[Result "1/2-1/2"]
[WhiteElo "2435"]
[BlackElo "2509"]
[PlyCount "60"]
[EventDate "2016.10.20"]
[EventType "team-tourn"]
[EventRounds "11"]
[EventCountry "AUT"]
[SourceTitle "CBM 175 Extra"]
[Source "ChessBase"]
[SourceDate "2016.12.12"]
[SourceVersion "1"]
[SourceVersionDate "2016.12.12"]
[SourceQuality "1"]
[WhiteTeam "Hohenems"]
[BlackTeam "Absam"]
[WhiteTeamCountry "AUT"]
[BlackTeamCountry "AUT"]

1. e4 e6 2. d4 d5 3. Nc3 Bb4 4. e5 Qd7 5. h4 b6 6. h5 Ba6 7. Bxa6 Nxa6 8. Qd3 Nb8 9. h6 g6 10. Bg5 c5 11. a3 c4 12. Qe3 Bf8 13. f4 Nc6 14. Nf3 b5 15. g4 Qb7 16. f5 gxf5 17. gxf5 Nge7 18. Nh4 Rg8 19. Ne2 exf5 20. c3 0-0-0 21. Ng3 Re8 22. Nh5 Nxe5 23. Qxe5 Rxg5 24. Nf6 Rd8 25. Nxh7 Rh5 26. Nxf8 Rxf8 27. 0-0-0 Rxh6 28. Nxf5 Nxf5 29. Qxf5+ Re6 30. Rh5 Rd8 1/2-1/2

[Event "AUT-chT 1516"]
[Site "Austria"]
[Date "2016.02.27"]
[Round "7.1"]
[White "Dizdar, Goran"]
[Black "Antal, Gergely"]
[Result "1/2-1/2"]
[WhiteElo "2502"]
[BlackElo "2562"]
[PlyCount "221"]
[EventDate "2015.11.05"]
[EventType "team-tourn"]
[EventRounds "11"]
[EventCountry "AUT"]
[SourceTitle "EXT 2017"]
[Source "ChessBase"]
[SourceDate "2016.10.25"]
[SourceVersion "1"]
[SourceVersionDate "2016.10.25"]
[SourceQuality "1"]
[WhiteTeam "Absam"]
[BlackTeam "Wulkaprodersdorf"]
[WhiteTeamCountry "AUT"]
[BlackTeamCountry "AUT"]

1. d4 Nf6 2. Nf3 g6 3. c4 Bg7 4. g3 c6 5. Bg2 d5 6. cxd5 cxd5 7. Ne5 Ne4 8. 0-0 0-0 9. Nd2 Nxd2 10. Bxd2 Nd7 11. Qb3 Nxe5 12. dxe5 Bxe5 13. Bh6 Bg7 14. Bxg7 Kxg7 15. Bxd5 Qb6 16. Rfd1 Qxb3 17. Bxb3 Bf5 18. f3 Rac8 19. g4 Bc2 20. Rd7 Bxb3 21. axb3 Rc2 22. Kf2 Rxb2 23. Rxb7 Ra8 24. Ra4 g5 25. Ra5 h6 26. Rxe7 Rxb3 27. Rf5 Rf8 28. Rxa7 Rb6 29. Kg3 Rf6 30. Re5 Rb8 31. h4 gxh4+ 32. Kxh4 Rbb6 33. Ra8 Rfe6 34. Re8 Rxe8 35. Rxe8 Rb5 36. e4 Rb3 37. f4 Rb1 38. e5 Rh1+ 39. Kg3 Rg1+ 40. Kh3 Ra1 41. f5 Ra3+ 42. Kg2 Ra2+ 43. Kf3 Ra3+ 44. Ke4 Ra4+ 45. Kd5 Ra5+ 46. Kd6 Ra6+ 47. Kc5 h5 48. f6+ Kh6 49. gxh5 Kxh5 50. Rg8 Ra5+ 51. Kd4 Ra4+ 52. Kd5 Ra5+ 53. Ke4 Ra1 54. Rg7 Ra7 55. Kf5 Kh6 56. Rxf7 Rxf7 57. e6 Ra7 58. e7 Ra5+ 59. Ke6 Ra6+ 60. Kf7 Kg5 61. e8Q Rxf6+ 62. Kg7 Rf5 63. Qe4 Rf4 64. Qe5+ Kg4 65. Kg6 Kf3 66. Kg5 Re4 67. Qd5 Ke3 68. Kf5 Rd4 69. Qc5 Kd3 70. Ke5 Rc4 71. Qb5 Kc3 72. Kd5 Rb4 73. Qa5 Kb3 74. Kc5 Rc4+ 75. Kd5 Rb4 76. Qa1 Rb5+ 77. Kd4 Kb4 78. Qe1+ Kb3 79. Qe6+ Kb4 80. Qa2 Rb6 81. Qd2+ Kb5 82. Qe2+ Kc6 83. Kc4 Kd7 84. Qg4+ Kd6 85. Qf4+ Kc6 86. Qe4+ Kd6 87. Qg6+ Kc7 88. Qf7+ Kd6 89. Qf8+ Kc7 90. Qe7+ Kc6 91. Qe8+ Kc7 92. Kc5 Rb7 93. Qa8 Rb2 94. Qc6+ Kb8 95. Qd6+ Ka7 96. Qc7+ Ka8 97. Qd8+ Ka7 98. Qd7+ Rb7 99. Qd8 Rb2 100. Qd7+ Rb7 101. Qa4+ Kb8 102. Qa5 Rb1 103. Qd8+ Ka7 104. Qe7+ Rb7 105. Qf8 Rb1 106. Qg7+ Rb7 107. Qa1+ Kb8 108. Qh1 Ka7 109. Kc6 Kb8 110. Qh8+ Ka7 111. Qd4+ 1/2-1/2

[Event "AUT-chT 1415"]
[Site "Austria"]
[Date "2015.03.21"]
[Round "11.4"]
[White "Dizdar, Goran"]
[Black "Mons, Leon"]
[Result "1/2-1/2"]
[WhiteElo "2501"]
[BlackElo "2435"]
[PlyCount "61"]
[EventDate "2014.11.20"]
[EventType "team-tourn"]
[EventRounds "11"]
[EventCountry "AUT"]
[SourceTitle "EXT 2016"]
[Source "ChessBase"]
[SourceDate "2015.10.08"]
[SourceVersion "1"]
[SourceVersionDate "2015.10.08"]
[SourceQuality "1"]
[WhiteTeam "Absam"]
[BlackTeam "Salzburg"]
[WhiteTeamCountry "AUT"]
[BlackTeamCountry "AUT"]

1. d4 d5 2. c4 e6 3. Nf3 Nf6 4. e3 b6 5. Nc3 Bb7 6. b3 Bd6 7. Bd3 0-0 8. 0-0 Nbd7 9. Bb2 a6 10. Rc1 Qe7 11. Qc2 dxc4 12. bxc4 Bxf3 13. gxf3 c5 14. Ne2 Rac8 15. Ng3 cxd4 16. exd4 Ba3 17. Rfe1 Bxb2 18. Qxb2 Qd6 19. Red1 Qf4 20. Qa3 g6 21. Be2 Rfd8 22. Qe3 Qc7 23. Kg2 Nb8 24. Ne4 Nxe4 25. fxe4 e5 26. d5 Qd6 27. Qh6 Nd7 28. Bg4 Rc7 29. Bxd7 Qxd7 30. Qg5 Rdc8 31. Qxe5 1/2-1/2

[Event "AUT-chT 1415"]
[Site "Austria"]
[Date "2015.02.28"]
[Round "7.2"]
[White "Dizdar, Goran"]
[Black "Rapport, Richard"]
[Result "1/2-1/2"]
[WhiteElo "2501"]
[BlackElo "2718"]
[PlyCount "98"]
[EventDate "2014.11.20"]
[EventType "team-tourn"]
[EventRounds "11"]
[EventCountry "AUT"]
[SourceTitle "EXT 2016"]
[Source "ChessBase"]
[SourceDate "2015.10.08"]
[SourceVersion "1"]
[SourceVersionDate "2015.10.08"]
[SourceQuality "1"]
[WhiteTeam "Absam"]
[BlackTeam "Maria Saal"]
[WhiteTeamCountry "AUT"]
[BlackTeamCountry "AUT"]

1. d4 d5 2. c4 e6 3. Nf3 Nf6 4. e3 Nbd7 5. b3 Bb4+ 6. Nbd2 Bc3 7. Rb1 e5 8. Qc2 exd4 9. exd4 Bb4 10. Be2 0-0 11. 0-0 b6 12. Ne5 Bb7 13. Ndf3 Be7 14. Bf4 Rc8 15. b4 dxc4 16. Bxc4 Nd5 17. Bxd5 Bxd5 18. Nc6 Bxc6 19. Qxc6 Nf6 20. Bg5 Qd5 21. Rfc1 Qxc6 22. Rxc6 Nd5 23. Bxe7 Nxe7 24. Rc2 f6 25. g3 Nd5 26. b5 Rfe8 27. Kf1 Kf7 28. Re1 a6 29. bxa6 Ra8 30. Rb1 Re6 31. a4 Rxa6 32. Rc4 Ke7 33. Nd2 Kd7 34. Nb3 Rc6 35. Rbc1 Rxc4 36. Rxc4 Ra8 37. Ke1 h5 38. Kd2 c6 39. Kd3 Kc7 40. Nc1 Kd6 41. Nb3 b5 42. axb5 cxb5 43. Rc5 Ra2 44. Rxb5 Rxf2 45. Nd2 Rxh2 46. Ne4+ Ke6 47. Nc5+ Kd6 48. Ne4+ Ke6 49. Nc5+ Kd6 1/2-1/2

[Event "AUT-chT 1415"]
[Site "Austria"]
[Date "2014.11.21"]
[Round "2.5"]
[White "Dizdar, Goran"]
[Black "Skoberne, Jure"]
[Result "1/2-1/2"]
[WhiteElo "2501"]
[BlackElo "2560"]
[PlyCount "121"]
[EventDate "2014.11.20"]
[EventType "team-tourn"]
[EventRounds "11"]
[EventCountry "AUT"]
[SourceTitle "CBM 163 Extra"]
[Source "ChessBase"]
[SourceDate "2014.12.23"]
[SourceVersion "1"]
[SourceVersionDate "2014.12.23"]
[SourceQuality "1"]
[WhiteTeam "Absam"]
[BlackTeam "Raika Feffernitz"]
[WhiteTeamCountry "AUT"]
[BlackTeamCountry "AUT"]

1. Nf3 Nf6 2. c4 g6 3. g3 Bg7 4. Bg2 0-0 5. 0-0 d6 6. d4 Nbd7 7. Nc3 e5 8. e4 c6 9. h3 Qa5 10. Be3 exd4 11. Nxd4 Re8 12. Qe2 Nb6 13. Rac1 Na4 14. Nxa4 Qxa4 15. b3 Qa5 16. Qc2 Bd7 17. Rfd1 d5 18. cxd5 cxd5 19. Qc7 Qxc7 20. Rxc7 dxe4 21. Rxb7 Bc8 22. Rb5 a6 23. Rc5 Bb7 24. Rc7 Bc8 25. Ne2 a5 26. Nc3 Ba6 27. Rd6 Bd3 28. Bd4 Rad8 29. Rxd8 Rxd8 30. Bxf6 Bxf6 31. Nxe4 Bxe4 32. Bxe4 Rd2 33. Rc2 Rxc2 34. Bxc2 Bd4 35. Kf1 f5 36. g4 fxg4 37. hxg4 Kf7 38. Ke2 h5 39. gxh5 gxh5 40. f4 Kf6 41. Be4 Bb2 42. Bg2 Bc1 43. Kf3 Bd2 44. Bh3 Bb4 45. Ke4 Bd6 46. f5 Ba3 47. Kd5 Bb4 48. Kc6 Kg5 49. Kd7 Kf6 50. Kc6 Kg5 51. Kd5 Kf6 52. Kd4 Be7 53. Kc4 Kg5 54. Kb5 Bd8 55. b4 axb4 56. Kxb4 Kh4 57. a4 Kxh3 58. a5 Bxa5+ 59. Kxa5 h4 60. f6 Kg2 61. f7 1/2-1/2

[Event "CRO-chT1A"]
[Site "Bol"]
[Date "2014.10.09"]
[Round "6.5"]
[White "Korobov, Anton"]
[Black "Dizdar, Goran"]
[Result "1/2-1/2"]
[WhiteElo "2679"]
[BlackElo "2500"]
[PlyCount "86"]
[EventDate "2014.10.04"]
[EventType "team-tourn"]
[EventRounds "9"]
[EventCountry "CRO"]
[SourceTitle "CBM 162 Extra"]
[Source "ChessBase"]
[SourceDate "2014.10.17"]
[SourceVersion "1"]
[SourceVersionDate "2014.10.17"]
[SourceQuality "1"]
[WhiteTeam "Zagreb Zagreb"]
[BlackTeam "Sesvete"]
[WhiteTeamCountry "CRO"]
[BlackTeamCountry "CRO"]

1. d4 d5 2. c4 e6 3. Nc3 Nf6 4. cxd5 exd5 5. Bg5 Be7 6. e3 c6 7. Qc2 Nbd7 8. Bd3 Nh5 9. Bxe7 Qxe7 10. Nge2 Nb6 11. 0-0 Nf6 12. Rab1 a5 13. Rbe1 0-0 14. Nc1 a4 15. a3 Be6 16. f3 c5 17. dxc5 Qxc5 18. Qf2 Nc4 19. Bxc4 dxc4 20. Rd1 b5 21. e4 Nd7 22. N1a2 Rab8 23. Nb4 Rfc8 24. f4 Qxf2+ 25. Rxf2 Nc5 26. f5 Bd7 27. Rfd2 Rb7 28. e5 h5 29. f6 Kh7 30. h3 Be6 31. fxg7 Kxg7 32. Ne2 Bf5 33. Nf4 Bg6 34. Nxg6 Kxg6 35. Rd6+ Kg7 36. R1d4 Ne6 37. Rd2 c3 38. bxc3 Rxc3 39. R2d3 Rbc7 40. Kf2 Nf4 41. Rf3 Ng6 42. e6 Rxf3+ 43. gxf3 fxe6 1/2-1/2

[Event "CRO-chT1A"]
[Site "Bol"]
[Date "2014.10.06"]
[Round "3.2"]
[White "Dizdar, Goran"]
[Black "Almasi, Zoltan"]
[Result "0-1"]
[WhiteElo "2500"]
[BlackElo "2695"]
[PlyCount "70"]
[EventDate "2014.10.04"]
[EventType "team-tourn"]
[EventRounds "9"]
[EventCountry "CRO"]
[SourceTitle "CBM 162 Extra"]
[Source "ChessBase"]
[SourceDate "2014.10.17"]
[SourceVersion "1"]
[SourceVersionDate "2014.10.17"]
[SourceQuality "1"]
[WhiteTeam "Sesvete"]
[BlackTeam "Pozega"]
[WhiteTeamCountry "CRO"]
[BlackTeamCountry "CRO"]

1. d4 Nf6 2. c4 g6 3. Nf3 Bg7 4. g3 c5 5. Nc3 cxd4 6. Nxd4 0-0 7. Bg2 Qc7 8. Bg5 Qxc4 9. Rc1 Qb4 10. Ndb5 Nc6 11. Nc7 Rb8 12. Bxf6 Bxf6 13. N7d5 Bxc3+ 14. Rxc3 Qxb2 15. 0-0 e6 16. Nf6+ Kg7 17. Qd3 Kxf6 18. Rb1 Ne5 19. Rxb2 Nxd3 20. Rxd3 b5 21. Rdb3 d5 22. e4 d4 23. Rxb5 Rxb5 24. Rxb5 Rd8 25. e5+ Ke7 26. Rb2 Ba6 27. f4 Rc8 28. Kf2 Rc3 29. Be4 Ra3 30. Bb1 Bc4 31. h4 Bd5 32. Rd2 Rf3+ 33. Ke2 Rxg3 34. Rxd4 Rg2+ 35. Ke3 Rb2 0-1

[Event "CRO-chT1A"]
[Site "Bol"]
[Date "2014.10.05"]
[Round "2.4"]
[White "Dizdar, Goran"]
[Black "Gonda, Laszlo"]
[Result "1/2-1/2"]
[WhiteElo "2500"]
[BlackElo "2540"]
[PlyCount "64"]
[EventDate "2014.10.04"]
[EventType "team-tourn"]
[EventRounds "9"]
[EventCountry "CRO"]
[SourceTitle "CBM 162 Extra"]
[Source "ChessBase"]
[SourceDate "2014.10.17"]
[SourceVersion "1"]
[SourceVersionDate "2014.10.17"]
[SourceQuality "1"]
[WhiteTeam "Sesvete"]
[BlackTeam "Varazdin"]
[WhiteTeamCountry "CRO"]
[BlackTeamCountry "CRO"]

1. Nf3 c5 2. c4 Nc6 3. Nc3 g6 4. e3 Nf6 5. d4 cxd4 6. exd4 d5 7. cxd5 Nxd5 8. Qb3 e6 9. Bb5 Bg7 10. 0-0 0-0 11. Bxc6 bxc6 12. Na4 Ba6 13. Re1 Nb6 14. Ne5 Bc4 15. Qc3 Bd5 16. Nc5 Qe7 17. Bf4 Rfd8 18. Rac1 a5 19. Qg3 Nc8 20. Ne4 Qf8 21. Nxc6 Bxc6 22. Rxc6 Ne7 23. Rc7 Nd5 24. Rb7 Nxf4 25. Qxf4 Rxd4 26. Nf6+ Bxf6 27. Qxf6 Rb4 28. Rd7 Qg7 29. Rd8+ Rxd8 30. Qxd8+ Qf8 31. Qxf8+ Kxf8 32. b3 a4 1/2-1/2

[Event "CRO-chT1A"]
[Site "Bol"]
[Date "2014.10.04"]
[Round "1.3"]
[White "Dizdar, Goran"]
[Black "Stevic, Hrvoje"]
[Result "1/2-1/2"]
[WhiteElo "2500"]
[BlackElo "2616"]
[PlyCount "60"]
[EventDate "2014.10.04"]
[EventType "team-tourn"]
[EventRounds "9"]
[EventCountry "CRO"]
[SourceTitle "CBM 162 Extra"]
[Source "ChessBase"]
[SourceDate "2014.10.17"]
[SourceVersion "1"]
[SourceVersionDate "2014.10.17"]
[SourceQuality "1"]
[WhiteTeam "Sesvete"]
[BlackTeam "Djakovo"]
[WhiteTeamCountry "CRO"]
[BlackTeamCountry "CRO"]

1. d4 Nc6 2. d5 Ne5 3. Nf3 Nxf3+ 4. exf3 e6 5. dxe6 dxe6 6. Qxd8+ Kxd8 7. Nc3 Bd7 8. Ne4 Nf6 9. Be3 Nxe4 10. fxe4 Bd6 11. Bd3 e5 12. 0-0-0 Ke7 13. Bc4 Be6 14. Bxe6 Kxe6 15. Rd3 Rhd8 16. Rhd1 Be7 17. Rxd8 Bxd8 18. Rd3 c6 19. a4 a6 20. c4 Rc8 21. Bc5 Bg5+ 22. Kc2 Rd8 23. Rxd8 Bxd8 24. Kd3 Bc7 25. b3 Bd8 26. h3 g6 27. Be3 h5 28. g4 hxg4 29. hxg4 Bc7 30. f3 Bd8 1/2-1/2

[Event "Dubai op 16th"]
[Site "Dubai"]
[Date "2014.04.13"]
[Round "7"]
[White "Tabatabaei, Mohammad Amin"]
[Black "Dizdar, Goran"]
[Result "0-1"]
[WhiteElo "2298"]
[BlackElo "2513"]
[PlyCount "144"]
[EventDate "2014.04.07"]
[EventType "swiss"]
[EventRounds "9"]
[EventCountry "UAE"]
[SourceTitle "CBM 159 Extra"]
[Source "ChessBase"]
[SourceDate "2014.04.24"]
[SourceVersion "1"]
[SourceVersionDate "2014.04.24"]
[SourceQuality "1"]

1. e4 e6 2. d4 d5 3. Nd2 c5 4. Ngf3 a6 5. dxc5 Bxc5 6. Bd3 Nf6 7. Qe2 Qc7 8. 0-0 Nc6 9. c3 0-0 10. e5 Ng4 11. Nb3 Ba7 12. Bxh7+ Kxh7 13. Ng5+ Kg8 14. Qxg4 Qxe5 15. Qh3 Qf5 16. Qxf5 exf5 17. Rd1 Re8 18. Kf1 Ne5 19. Bf4 Nc4 20. Rab1 f6 21. Nf3 g5 22. Bc7 Bd7 23. h4 Rac8 24. Bh2 g4 25. Nfd4 a5 26. Na1 Bxd4 27. Rxd4 Bb5 28. Kg1 Re2 29. Bf4 Rce8 30. Nb3 Bc6 31. h5 a4 32. Nd2 Re1+ 33. Rxe1 Rxe1+ 34. Kh2 Nxb2 35. h6 b5 36. f3 Kh7 37. Kg3 Nd1 38. Rd3 Nb2 39. Re3 Rxe3 40. Bxe3 Bd7 41. Bd4 Kxh6 42. Bxf6 Kg6 43. Bd4 Nd3 44. f4 Nc1 45. a3 Ne2+ 46. Kf2 Nxf4 47. g3 Nh5 48. Nf1 f4 49. gxf4 Nxf4 50. Ne3 Be6 51. Bh8 Kg5 52. Bg7 Bd7 53. Bd4 Bc6 54. Bg7 g3+ 55. Kg1 Bb7 56. Be5 Bc6 57. Bg7 Nh3+ 58. Kg2 d4+ 59. Kxh3 dxe3 60. Kxg3 Kf5 61. Bh6 Ke4 62. Bg5 Kd3 63. Bh6 b4 64. cxb4 Bb5 65. Bf4 e2 66. Kf2 Kc2 67. Bg3 Kb2 68. Ke1 Kxa3 69. Kd2 Kb2 70. Be5+ Kb1 71. Ba1 Kxa1 72. Kc2 a3 0-1

[Event "Dubai op 16th"]
[Site "Dubai"]
[Date "2014.04.09"]
[Round "3"]
[White "Nadir, Samir"]
[Black "Dizdar, Goran"]
[Result "0-1"]
[WhiteElo "2133"]
[BlackElo "2513"]
[PlyCount "72"]
[EventDate "2014.04.07"]
[EventType "swiss"]
[EventRounds "9"]
[EventCountry "UAE"]
[SourceTitle "CBM 159 Extra"]
[Source "ChessBase"]
[SourceDate "2014.04.24"]
[SourceVersion "1"]
[SourceVersionDate "2014.04.24"]
[SourceQuality "1"]

1. d4 Nf6 2. c4 e6 3. Nf3 Bb4+ 4. Bd2 c5 5. e3 b6 6. Bxb4 cxb4 7. Bd3 Bb7 8. a3 bxa3 9. Rxa3 0-0 10. 0-0 Nc6 11. Nbd2 d6 12. Nh4 d5 13. cxd5 Nxd5 14. Qh5 Nf6 15. Qg5 Qe7 16. Nhf3 Rfd8 17. Rc1 Rac8 18. Rac3 h6 19. Qh4 Qb4 20. Rb3 Qf8 21. Ra1 Nb4 22. Bf1 a6 23. Ne5 b5 24. Nd3 Nxd3 25. Bxd3 Qd6 26. f4 Rc7 27. Rc3 Rdc8 28. Rxc7 Rxc7 29. Qf2 Qb4 30. Rb1 a5 31. h3 a4 32. f5 exf5 33. Bxf5 Re7 34. Nf1 Qc4 35. Qd2 Qd5 36. Ng3 Rxe3 0-1

[Event "AUT-chT 1314"]
[Site "Austria"]
[Date "2014.02.02"]
[Round "7.4"]
[White "Dizdar, Goran"]
[Black "Bauer, Christian"]
[Result "1/2-1/2"]
[WhiteElo "2520"]
[BlackElo "2630"]
[PlyCount "47"]
[EventDate "2013.12.06"]
[EventType "team-tourn"]
[EventRounds "11"]
[EventCountry "AUT"]
[SourceTitle "CBM 158 Extra"]
[Source "ChessBase"]
[SourceDate "2014.02.28"]
[SourceVersion "1"]
[SourceVersionDate "2014.02.28"]
[SourceQuality "1"]
[WhiteTeam "Absam"]
[BlackTeam "Jenbach"]
[WhiteTeamCountry "AUT"]
[BlackTeamCountry "AUT"]

1. d4 Nf6 2. Nf3 g6 3. c4 Bg7 4. g3 c5 5. Bg2 Qa5+ 6. Nc3 Ne4 7. Qd3 cxd4 8. Nxd4 Nc5 9. Qd1 Nc6 10. e3 Ne6 11. 0-0 0-0 12. Nxe6 dxe6 13. Bd2 Bd7 14. Qe2 Rac8 15. Rfc1 Qa6 16. b3 Rfd8 17. a4 Be8 18. Rab1 Ne5 19. Rd1 Nd3 20. Nb5 Nb2 21. Rdc1 Nd3 22. Rd1 Nb2 23. Rdc1 Nd3 24. Rd1 1/2-1/2

[Event "AUT-chT 1314"]
[Site "Austria"]
[Date "2014.01.31"]
[Round "5.3"]
[White "Dizdar, Goran"]
[Black "Predojevic, Borki"]
[Result "1/2-1/2"]
[WhiteElo "2520"]
[BlackElo "2607"]
[PlyCount "64"]
[EventDate "2013.12.06"]
[EventType "team-tourn"]
[EventRounds "11"]
[EventCountry "AUT"]
[SourceTitle "CBM 158 Extra"]
[Source "ChessBase"]
[SourceDate "2014.02.28"]
[SourceVersion "1"]
[SourceVersionDate "2014.02.28"]
[SourceQuality "1"]
[WhiteTeam "Absam"]
[BlackTeam "Maria Saal"]
[WhiteTeamCountry "AUT"]
[BlackTeamCountry "AUT"]

1. Nf3 c5 2. c4 Nc6 3. Nc3 g6 4. e3 Nf6 5. d4 cxd4 6. exd4 d5 7. cxd5 Nxd5 8. Qb3 Nxc3 9. Bc4 Nd5 10. Bxd5 e6 11. Bxc6+ bxc6 12. 0-0 f6 13. Bf4 Qd5 14. Rfc1 Be7 15. Rc3 g5 16. Bg3 Qxb3 17. axb3 Bb7 18. Bc7 Kf7 19. Ba5 Rac8 20. b4 Rhe8 21. Nd2 Ba6 22. Nb3 Bb5 23. Nc5 Bf8 24. Re1 h6 25. b3 Re7 26. h4 g4 27. h5 Rce8 28. Rce3 e5 29. dxe5 Rxe5 30. Rxe5 Rxe5 31. Rxe5 fxe5 32. Bc7 Bxc5 1/2-1/2

[Event "AUT-chT 1213"]
[Site "Austria"]
[Date "2013.03.24"]
[Round "11.2"]
[White "Dizdar, Goran"]
[Black "Weiss, Christian"]
[Result "1-0"]
[WhiteElo "2499"]
[BlackElo "2406"]
[PlyCount "79"]
[EventDate "2012.11.02"]
[EventType "team-tourn"]
[EventRounds "11"]
[EventCountry "AUT"]
[SourceTitle "EXT 2014"]
[Source "ChessBase"]
[SourceDate "2013.11.20"]
[SourceVersion "1"]
[SourceVersionDate "2013.11.20"]
[SourceQuality "1"]
[WhiteTeam "Absam"]
[BlackTeam "Ansfelden"]
[WhiteTeamCountry "AUT"]
[BlackTeamCountry "AUT"]

1. Nf3 Nf6 2. c4 e6 3. d4 Bb4+ 4. Nbd2 0-0 5. a3 Bxd2+ 6. Bxd2 b6 7. g3 Bb7 8. Bg2 d6 9. 0-0 Nbd7 10. b4 Be4 11. Rc1 Qe7 12. Qb3 Rfd8 13. Qe3 Nf8 14. Bc3 Re8 15. Rfd1 c6 16. c5 Bd5 17. cxd6 Qxd6 18. Bh3 Ne4 19. Bb2 Rac8 20. Ne5 f6 21. Nd3 Ng5 22. Bf1 Nf7 23. f3 g5 24. Qd2 Bb3 25. Re1 Ba4 26. Qc3 Ng6 27. Ba1 Bb5 28. Nf2 Qe7 29. Bh3 Rcd8 30. Qb3 f5 31. a4 Ba6 32. Rxc6 Bb7 33. Rc2 h5 34. e4 f4 35. g4 hxg4 36. Bxg4 Nh6 37. Rec1 Rd7 38. d5 Nxg4 39. Nxg4 exd5 40. Nf6+ 1-0

[Event "SLO-chT 22th"]
[Site "Ljubljana"]
[Date "2012.12.07"]
[Round "7"]
[White "Dizdar, Goran"]
[Black "Horvath, Adam"]
[Result "0-1"]
[WhiteElo "2499"]
[BlackElo "2487"]
[PlyCount "76"]
[EventDate "2012.11.23"]
[EventType "team-tourn"]
[EventRounds "9"]
[EventCountry "SLO"]
[SourceTitle "CBM 151 Extra"]
[Source "ChessBase"]
[SourceDate "2012.12.18"]
[SourceVersion "1"]
[SourceVersionDate "2012.12.18"]
[SourceQuality "1"]
[WhiteTeam "Krsko Triglav"]
[BlackTeam "Lendava Rokada"]
[WhiteTeamCountry "SLO"]
[BlackTeamCountry "SLO"]

1. d4 Nf6 2. Nf3 e6 3. c4 Bb4+ 4. Nbd2 b6 5. g3 Bb7 6. Bg2 0-0 7. 0-0 a5 8. Qc2 Bxd2 9. Bxd2 Be4 10. Qa4 d6 11. Rfd1 Qc8 12. Rac1 Nbd7 13. Bh3 h6 14. Qa3 Re8 15. Ne1 Bb7 16. f3 c5 17. Be3 Qc7 18. Bf2 Rad8 19. e4 cxd4 20. Bxd4 Bc6 21. Nc2 Qb8 22. Bf2 Ne5 23. Nd4 Ba8 24. Bg2 d5 25. cxd5 exd5 26. exd5 Nxd5 27. Nf5 Nb4 28. Bd4 Bd5 29. f4 Bxg2 30. Kxg2 Qb7+ 31. Kh3 Qd7 32. g4 Nxg4 33. Nxg7 Ne3+ 34. f5 Nxf5 35. Nxe8 Ne3+ 36. Kg3 Qg4+ 37. Kf2 Qg2+ 38. Kxe3 Rxe8+ 0-1

[Event "SLO-chT 22th"]
[Site "Ljubljana"]
[Date "2012.11.30"]
[Round "4"]
[White "Dizdar, Goran"]
[Black "Markus, Robert"]
[Result "0-1"]
[WhiteElo "2499"]
[BlackElo "2625"]
[PlyCount "67"]
[EventDate "2012.11.23"]
[EventType "team-tourn"]
[EventRounds "9"]
[EventCountry "SLO"]
[SourceTitle "CBM 151 Extra"]
[Source "ChessBase"]
[SourceDate "2012.12.18"]
[SourceVersion "1"]
[SourceVersionDate "2012.12.18"]
[SourceQuality "1"]
[WhiteTeam "Krsko Triglav"]
[BlackTeam "Nova Gorica"]
[WhiteTeamCountry "SLO"]
[BlackTeamCountry "SLO"]

1. Nf3 Nf6 2. g3 g6 3. Bg2 Bg7 4. c4 0-0 5. d4 d6 6. 0-0 c6 7. Nc3 Qa5 8. e4 e5 9. h3 Nbd7 10. Re1 exd4 11. Nxd4 Re8 12. Be3 Ne5 13. Bf1 Be6 14. Nxe6 Rxe6 15. Kg2 Ned7 16. Qd2 Rae8 17. f3 h5 18. h4 Ne5 19. Rac1 Nfd7 20. b3 Nc5 21. Red1 f5 22. Bxc5 Qxc5 23. Nd5 fxe4 24. b4 Qg1+ 25. Kxg1 Nxf3+ 26. Kh1 Nxd2 27. Nc7 e3 28. Bh3 R6e7 29. Nxe8 Rxe8 30. Re1 Nf3 31. Re2 Nd4 32. Ree1 e2 33. Rc3 Bh6 34. Rd3 0-1